Το βυσσινί φουστάνι
Αποθηκεύτηκε σε:
| Κύριος συγγραφέας: | |
|---|---|
| Μορφή: | Βιβλίο |
| Γλώσσα: | Greek |
| Δημοσίευση: |
[Αθήνα] :
Το Ροδακιό,
c2001
|
| Θέματα: | |
| Ετικέτες: |
Προσθήκη ετικέτας
Δεν υπάρχουν, Καταχωρήστε ετικέτα πρώτοι!
|
MARC
| LEADER | 00000nam a2200000 i 4500 | ||
|---|---|---|---|
| 001 | 1/23720 | ||
| 008 | 011114s2001 gre d | ||
| 020 | |a 960-7360-68-0 | ||
| 035 | |l 10067717 | ||
| 040 | |a GR-MY-UA |b gre |e aacr | ||
| 041 | 0 | |a gre | |
| 082 | 0 | |a 889.3 |2 (22) | |
| 100 | 1 | |a Δούναβη, Λουκρητία. | |
| 245 | 1 | 3 | |a Το βυσσινί φουστάνι / |c Λουκρητία Δούναβη ; ζωγραφία στο εξώφυλλο Ευδοξία Ελευθερίου |
| 260 | |a [Αθήνα] : |b Το Ροδακιό, |c c2001 | ||
| 300 | |a 83 σ.; |c 24 εκ. | ||
| 650 | 0 | 0 | |a Greek fiction, Modern. |
| 650 | 0 | 0 | |a Short stories, Greek (Modern) |
| 852 | |a INST |b SYROS |c KYK |e 20011114 |h 889.3 ΔΟΥ |p 005500000690 |q 005500000690 |t BK |y 0 | ||
| 901 | |a BIBL5-2001-3 | ||
| 909 | |a Ε |b 088788 | ||
| 922 | |a 5ΕΛΗ |b 200111 |c ΒΙΒΛΙΟΘΗΚΗ ΣΥΡΟΥ |d ΣΤΑΘΟΠΟΥΛΟΣ | ||
| 950 | |a 188-2001-11-06 | ||
| 970 | |a ΚΡΗΤΙΚΟΥ |b ΘΩΜΑΙΣ |z 2001/11/19 | ||